| 000 | 01109nam a2200313Ia 4500 | ||
|---|---|---|---|
| 001 | Z_6113 | ||
| 003 | CHAP | ||
| 008 | 220113s1992 xx 000 0 und d | ||
| 010 | _a168882 | ||
| 040 | _cCHAP | ||
| 082 | _a636.08063 S48 | ||
| 111 |
_aSimposio Internacional sobre alternativas y estrategias en producción animal (1: abril 1992: Chapingo, México) _9143168 |
||
| 245 |
_aSimposio Internacional sobre alternativas y estrategias en producción animal / _ceditor Quito López Tirado; |
||
| 260 |
_aMéxico : _bUACh :, _bDepartamento de Zootecnia, _c1992 |
||
| 300 | _a337 p. | ||
| 503 | _aej.1: | ||
| 504 | _aIncluye bibliografía | ||
| 650 |
_aGanadería _xAspectos económicos _944616 |
||
| 650 |
_aGanadería _xCongresos _944677 |
||
| 650 |
_aIndustrias pecuarias _xCongresos _958025 |
||
| 700 |
_aI. López Tirado, Quito, ed. _9143169 |
||
| 711 |
_aII. Simposio Internacional sobre alternativas y estrategias en producción animal (1: abril 1992: Chapingo, México) _9143170 |
||
| 901 | _a636.08063 S48 | ||
| 902 | _aM | ||
| 910 | _a1992 | ||
| 942 | _c1 | ||
| 942 | _cc1 | ||
| 999 |
_c168882 _d168882 |
||